3 indices : 1 personnage de Pretty Little Liars - Statistiques

Statistiques générales
  • Ce quiz a été pris 425 fois
  • Le résultat moyen est 12 sur 14
Statistiques - réponses
Hint Réponse % Correct
blonde, disparue,secret Alison
100%
lesbienne,barman,maya Emily
98%
drole,blonde,élégante Hanna
98%
aveugle,yeux,toby Jenna
96%
prof,balle,aria Ezra
94%
A,intelligente,chic Mona
92%
intello,golf,frange Spencer
87%
yvonne,soeur,policier Toby
77%
alcool,mec,ravenswood Caleb
74%
mere,rousse,gentil Ashley
73%
eleve,parent,brune Aria
72%
alison,A,maison de poupée Cece
69%
prof,mere,tromper Ella
68%
jardin,drogue,bisexuelle Maya
61%
Aucun quiz correspondant
Distribution des résultats
% des personnes avec chaque résultat
Percentile par nombre de réponses
Votre historique - résultats
Vous n’avez pas pris ce quiz